[Event "NB II. Breyer csoport"]
[Site "Budapest"]
[Date "2024.03.03"]
[Round "5.1"]
[White "Dupsky, Laszlo"]
[Black "Berta, Sandor"]
[Result "1/2-1/2"]
[WhiteElo "2187"]
[BlackElo "2060"]
[PlyCount "28"]
[EventDate "2023.10.08"]
[EventType "team-tourn"]
[EventRounds "9"]
[EventCountry "HUN"]
[Source "chess.hu"]
[WhiteTeam "Torokbalinti Sakk SE"]
[BlackTeam "MTK Budapest II."]
[WhiteTeamCountry "HUN"]
[BlackTeamCountry "HUN"]

1. d4 Nf6 2. Nf3 g6 3. Nc3 d5 4. Bf4 Bg7 5. Qd2 O-O 6. Bh6 c6 7. Bxg7 Kxg7 8.
e3 Nbd7 9. Ne5 Ne8 10. e4 dxe4 11. Nxe4 Nxe5 12. dxe5 Bf5 13. Ng3 Qxd2+ 14.
Kxd2 Rd8+ 1/2-1/2

[Event "NB II. Breyer csoport"]
[Site "Budapest"]
[Date "2024.03.03"]
[Round "5.2"]
[White "Varga, Boldizsar"]
[Black "Bereczki, Istvan"]
[Result "1/2-1/2"]
[WhiteElo "1990"]
[BlackElo "2039"]
[PlyCount "62"]
[EventDate "2023.10.08"]
[EventType "team-tourn"]
[EventRounds "9"]
[EventCountry "HUN"]
[Source "chess.hu"]
[WhiteTeam "MTK Budapest II."]
[BlackTeam "Torokbalinti Sakk SE"]
[WhiteTeamCountry "HUN"]
[BlackTeamCountry "HUN"]

1. d4 Nf6 2. c4 e6 3. Nc3 d5 4. cxd5 exd5 5. Bg5 Be7 6. e3 O-O 7. Qc2 h6 8. Bh4
c6 9. Bd3 Re8 10. Nf3 Be6 11. O-O Nbd7 12. Rab1 a5 13. Na4 b5 14. Nc5 Nxc5 15.
dxc5 Nd7 16. Bxe7 Qxe7 17. Rfc1 Nf8 18. Nd4 Rac8 19. Qd2 Qc7 20. Bxb5 cxb5 21.
Nxb5 Qb7 22. Qxa5 Ra8 23. Nd6 Rxa5 24. Nxb7 Rxa2 25. c6 Bf5 26. Nd6 Bxb1 27.
Nxe8 Bd3 28. c7 Ba6 29. Nd6 Rxb2 30. c8=Q Bxc8 31. Nxc8 Ng6 1/2-1/2

[Event "NB II. Breyer csoport"]
[Site "Budapest"]
[Date "2024.03.03"]
[Round "5.3"]
[White "Mullner, Imre"]
[Black "Birovecz, Ben Jordan"]
[Result "1-0"]
[WhiteElo "2042"]
[BlackElo "1992"]
[PlyCount "77"]
[EventDate "2023.10.08"]
[EventType "team-tourn"]
[EventRounds "9"]
[EventCountry "HUN"]
[Source "chess.hu"]
[WhiteTeam "Torokbalinti Sakk SE"]
[BlackTeam "MTK Budapest II."]
[WhiteTeamCountry "HUN"]
[BlackTeamCountry "HUN"]

1. e4 e5 2. Nf3 Nc6 3. Bb5 a6 4. Ba4 Nf6 5. O-O Nxe4 6. d4 b5 7. Bb3 d5 8. dxe5
Be6 9. c3 Bc5 10. Nbd2 O-O 11. Qe2 Bf5 12. a4 Na5 13. Ba2 Nc4 14. Nd4 Bxd4 15.
cxd4 Nexd2 16. Bxd2 Nxb2 17. Bb4 Bd3 18. Qxb2 Bxf1 19. Bxf8 Bxg2 20. Kxg2 Qg5+
21. Kh1 Rxf8 22. Bxd5 Qf4 23. Bg2 h5 24. axb5 axb5 25. Rc1 Rd8 26. d5 Re8 27.
Re1 Qc4 28. Qe2 Qc3 29. Qe3 Qb4 30. f4 Qc4 31. Rc1 Qa4 32. Rxc7 g5 33. Ra7 Qc4
34. f5 Rxe5 35. Qxg5+ Kf8 36. Ra8+ Re8 37. Qh6+ Ke7 38. f6+ Kd7 39. Bh3+ 1-0

[Event "NB II. Breyer csoport"]
[Site "Budapest"]
[Date "2024.03.03"]
[Round "5.4"]
[White "Thierry, Edvard"]
[Black "Szilagyi, Samuel Attila"]
[Result "1-0"]
[WhiteElo "1915"]
[BlackElo "1959"]
[PlyCount "83"]
[EventDate "2023.10.08"]
[EventType "team-tourn"]
[EventRounds "9"]
[EventCountry "HUN"]
[Source "chess.hu"]
[WhiteTeam "MTK Budapest II."]
[BlackTeam "Torokbalinti Sakk SE"]
[WhiteTeamCountry "HUN"]
[BlackTeamCountry "HUN"]

1. e4 e5 2. Nc3 Nc6 3. Nf3 Nf6 4. d4 exd4 5. Nxd4 Nxd4 6. Qxd4 d6 7. Bg5 Be7 8.
O-O-O O-O 9. Bc4 a6 10. e5 Ng4 11. Bxe7 Qxe7 12. exd6 cxd6 13. Qxd6 Qxd6 14.
Rxd6 Nxf2 15. Rf1 Ng4 16. Rxf7 Ne5 17. Rxf8+ Kxf8 18. Bb3 Ke7 19. Rd1 Kf6 20.
Rd8 Nc6 21. Nd5+ Kg6 22. Rd6+ Kg5 23. Nb6 Rb8 24. Nxc8 Rxc8 25. Rd7 b5 26.
Rxg7+ Kh6 27. Rd7 a5 28. Be6 Rf8 29. Rd6 Ne5 30. Bd7+ Kg5 31. Bxb5 Rf2 32. Rd2
Rf5 33. c4 Rf7 34. Kc2 Rc7 35. Kc3 Ng4 36. h3 Nf6 37. Kb3 Ne4 38. Rd5+ Kf4 39.
Ka4 Ra7 40. Bc6 Rc7 41. Kb5 a4 42. Rd4 1-0

[Event "NB II. Breyer csoport"]
[Site "Budapest"]
[Date "2024.03.03"]
[Round "5.6"]
[White "Boros, Krisztian Levente"]
[Black "Hajdu, Roland"]
[Result "1-0"]
[WhiteElo "1986"]
[BlackElo "1889"]
[PlyCount "73"]
[EventDate "2023.10.08"]
[EventType "team-tourn"]
[EventRounds "9"]
[EventCountry "HUN"]
[Source "chess.hu"]
[WhiteTeam "MTK Budapest II."]
[BlackTeam "Torokbalinti Sakk SE"]
[WhiteTeamCountry "HUN"]
[BlackTeamCountry "HUN"]

1. e4 c5 2. Nf3 Nc6 3. Bb5 e6 4. O-O Nge7 5. Re1 a6 6. Bf1 g6 7. c3 Bg7 8. d4
cxd4 9. cxd4 d5 10. e5 Nf5 11. Nc3 b5 12. a3 Qb6 13. Be3 Na5 14. b4 Nc4 15.
Bxc4 dxc4 16. Ne4 O-O 17. Nc5 Nxe3 18. fxe3 Rd8 19. Ng5 h6 20. Nxf7 Rf8 21. Nd6
Ra7 22. Qg4 Kh7 23. Nxe6 Bxe6 24. Qxe6 Raf7 25. Re2 Rf5 26. Qe7 Rf4 27. Rd1 Rg4
28. Ne8 Rxe8 29. Qxe8 Re4 30. Qa8 Rg4 31. Qd5 Rg5 32. h3 a5 33. Kh1 axb4 34.
axb4 Qa6 35. Qd7 Qa4 36. Rf1 c3 37. Rf7 1-0

[Event "NB II. Breyer csoport"]
[Site "Budapest"]
[Date "2024.03.03"]
[Round "5.7"]
[White "Bilibok, Csaba"]
[Black "Fekete, Martin"]
[Result "0-1"]
[WhiteElo "1835"]
[BlackElo "1949"]
[PlyCount "120"]
[EventDate "2023.10.08"]
[EventType "team-tourn"]
[EventRounds "9"]
[EventCountry "HUN"]
[Source "chess.hu"]
[WhiteTeam "Torokbalinti Sakk SE"]
[BlackTeam "MTK Budapest II."]
[WhiteTeamCountry "HUN"]
[BlackTeamCountry "HUN"]

1. d4 Nf6 2. c4 e6 3. Bg5 d5 4. e3 c6 5. a3 Be7 6. Nc3 Ne4 7. Nxe4 dxe4 8. Bxe7
Qxe7 9. Qg4 f5 10. Qh5+ Qf7 11. Qh4 Nd7 12. Nh3 Nf6 13. Be2 Bd7 14. Qf4 h6 15.
Qe5 O-O 16. Nf4 g5 17. Nh3 Ng4 18. Qd6 Rad8 19. Qb4 b6 20. Qc3 Bc8 21. f3 Nf6
22. Nf2 exf3 23. gxf3 c5 24. O-O-O cxd4 25. exd4 Ba6 26. h4 Rc8 27. hxg5 hxg5
28. Qd2 Qg7 29. Rdg1 Nh7 30. Rxh7 Qxh7 31. Qxg5+ Kf7 32. f4 Ke8 33. Rh1 Qe7 34.
Qg6+ Qf7 35. Qg5 Bxc4 36. Bxc4 Rxc4+ 37. Kb1 Rg8 38. Qh4 Rxd4 39. Rc1 Kd7 40.
Qh3 Qe7 41. Nd3 Rxd3 42. Qxd3+ Ke8 43. Qd4 Kf7 44. Qe5 Rd8 45. Rh1 Ke8 46. Rh8+
Kd7 47. Rh1 Kc8 48. Rg1 Qd6 49. Rc1+ Kb7 50. Qg7+ Rd7 51. Qg8 Rc7 52. Qg2+ Qd5
53. Rxc7+ Kxc7 54. Qg7+ Qd7 55. Qe5+ Kb7 56. Qe3 Qd5 57. Ka1 Qe4 58. Qd2 Qh1+
59. Ka2 Qd5+ 60. Ka1 Qxd2 0-1

[Event "NB II. Breyer csoport"]
[Site "Budapest"]
[Date "2024.03.03"]
[Round "5.8"]
[White "Toth, Rafael"]
[Black "Labancz, Janos"]
[Result "1-0"]
[WhiteElo "1843"]
[BlackElo "1790"]
[PlyCount "57"]
[EventDate "2023.10.08"]
[EventType "team-tourn"]
[EventRounds "9"]
[EventCountry "HUN"]
[Source "chess.hu"]
[WhiteTeam "MTK Budapest II."]
[BlackTeam "Torokbalinti Sakk SE"]
[WhiteTeamCountry "HUN"]
[BlackTeamCountry "HUN"]

1. e4 c5 2. Nf3 Nc6 3. d4 cxd4 4. Nxd4 a6 5. Nc3 d6 6. Be3 g6 7. Bc4 Bg7 8. Bb3
Na5 9. Qd2 Nxb3 10. cxb3 Nf6 11. f3 O-O 12. O-O-O Bd7 13. Kb1 Qa5 14. g4 h5 15.
gxh5 Qxh5 16. Rdg1 Nh7 17. Nd5 e5 18. Nf5 Bxf5 19. Ne7+ Kh8 20. exf5 gxf5 21.
Rxg7 Kxg7 22. Bh6+ Kh8 23. Rg1 Rg8 24. Rxg8+ Rxg8 25. Nxg8 Kxg8 26. Qxd6 f6 27.
Qd8+ Kf7 28. Qd7+ Kg8 29. Qg7# 1-0

[Event "NB II. Breyer csoport"]
[Site "Budapest"]
[Date "2024.03.03"]
[Round "5.9"]
[White "Nagy, Botond"]
[Black "Gondor, Jakab"]
[Result "0-1"]
[WhiteElo "1807"]
[BlackElo "1893"]
[PlyCount "44"]
[EventDate "2023.10.08"]
[EventType "team-tourn"]
[EventRounds "9"]
[EventCountry "HUN"]
[Source "chess.hu"]
[WhiteTeam "Torokbalinti Sakk SE"]
[BlackTeam "MTK Budapest II."]
[WhiteTeamCountry "HUN"]
[BlackTeamCountry "HUN"]

1. e4 e5 2. Nf3 Nc6 3. Bc4 Bc5 4. c3 Nf6 5. d4 exd4 6. e5 d5 7. Bb5 Ne4 8. cxd4
Bb6 9. O-O O-O 10. h3 f6 11. Bxc6 bxc6 12. Qc2 Ba6 13. Rd1 fxe5 14. Nxe5 Nxf2
15. Nxc6 Qh4 16. Rd2 Ne4 17. Rd1 Rf2 18. Qb3 Rxg2+ 19. Kh1 Rg3 20. Qxd5+ Kh8
21. Qf5 Rxh3+ 22. Kg2 Qg3# 0-1

[Event "NB II. Breyer csoport"]
[Site "Budapest"]
[Date "2024.03.03"]
[Round "5.10"]
[White "Kiss, Inez"]
[Black "Nagy, Levente"]
[Result "1/2-1/2"]
[WhiteElo "1806"]
[BlackElo "1753"]
[PlyCount "48"]
[EventDate "2023.10.08"]
[EventType "team-tourn"]
[EventRounds "9"]
[EventCountry "HUN"]
[Source "chess.hu"]
[WhiteTeam "MTK Budapest II."]
[BlackTeam "Torokbalinti Sakk SE"]
[WhiteTeamCountry "HUN"]
[BlackTeamCountry "HUN"]

1. e4 c5 2. c4 Nc6 3. Nc3 g6 4. g3 Bg7 5. Bg2 Nf6 6. Nge2 d6 7. d3 O-O 8. O-O
Bd7 9. h3 e5 10. f4 Qc8 11. Kh2 h5 12. Ng1 Nd4 13. Nce2 Nxe2 14. Qxe2 Rb8 15.
Nf3 Nh7 16. Nh4 Bf6 17. f5 g5 18. Ng6 fxg6 19. fxg6 g4 20. Qe3 Bg7 21. gxh7+
Kxh7 22. h4 Rxf1 23. Bxf1 Qf8 24. Be2 Bh6 1/2-1/2

[Event "NB II. Breyer csoport"]
[Site "Budapest"]
[Date "2024.03.03"]
[Round "5.11"]
[White "Pilis, Peter"]
[Black "Toth, Timea"]
[Result "0-1"]
[WhiteElo "1720"]
[BlackElo "1726"]
[PlyCount "54"]
[EventDate "2023.10.08"]
[EventType "team-tourn"]
[EventRounds "9"]
[EventCountry "HUN"]
[Source "chess.hu"]
[WhiteTeam "Torokbalinti Sakk SE"]
[BlackTeam "MTK Budapest II."]
[WhiteTeamCountry "HUN"]
[BlackTeamCountry "HUN"]

1. e4 c5 2. Nf3 Nc6 3. d4 cxd4 4. Nxd4 g6 5. c3 Bg7 6. Be3 d6 7. Bd3 e5 8. Ne2
Nge7 9. O-O O-O 10. Qc1 d5 11. exd5 Nxd5 12. Bh6 Nxc3 13. Bxg7 Nxe2+ 14. Bxe2
Kxg7 15. Nc3 Nd4 16. Rd1 Nxe2+ 17. Nxe2 Qb6 18. Nc3 Be6 19. Qe3 Qxe3 20. fxe3
Rfd8 21. Kf2 a6 22. a3 Bb3 23. Rxd8 Rxd8 24. Ke1 f5 25. g3 Rd3 26. Ke2 Bc4 27.
Nd1 Rxa3+ 0-1

[Event "NB II. Breyer csoport"]
[Site "Budapest"]
[Date "2024.03.03"]
[Round "5.12"]
[White "Kiss, Villo"]
[Black "Leipan, Tibor"]
[Result "1-0"]
[WhiteElo "1465"]
[BlackElo "1510"]
[PlyCount "57"]
[EventDate "2023.10.08"]
[EventType "team-tourn"]
[EventRounds "9"]
[EventCountry "HUN"]
[Source "chess.hu"]
[WhiteTeam "MTK Budapest II."]
[BlackTeam "Torokbalinti Sakk SE"]
[WhiteTeamCountry "HUN"]
[BlackTeamCountry "HUN"]

1. Nf3 d5 2. d4 Nc6 3. g3 Nf6 4. Bg2 Bf5 5. O-O e6 6. c4 dxc4 7. Qa4 Qd7 8.
Qxc4 Bd6 9. Nc3 a6 10. Nh4 Bc2 11. e4 b5 12. Qe2 Nxd4 13. Qd2 Bb4 14. e5 Ne4
15. Qe3 Rd8 16. Nxe4 h6 17. b3 Ba5 18. Bb2 Bb6 19. Qd2 g5 20. Nf6+ Ke7 21. Nxd7
Rxd7 22. Bxd4 Bxd4 23. Qxc2 Bxa1 24. Rxa1 gxh4 25. Rd1 Rxd1+ 26. Qxd1 hxg3 27.
hxg3 Rd8 28. Qh5 Rd5 29. Bxd5 1-0

[Event "NB II. Breyer csoport"]
[Site "Szekesfehervar"]
[Date "2024.03.03"]
[Round "5.1"]
[White "Jakab, Bela"]
[Black "Kiss, Viktor"]
[Result "1-0"]
[WhiteElo "2368"]
[BlackElo "2183"]
[PlyCount "87"]
[EventDate "2023.10.08"]
[EventType "team-tourn"]
[EventRounds "9"]
[EventCountry "HUN"]
[Source "chess.hu"]
[WhiteTeam "Tatabanyai SC"]
[BlackTeam "Fehervar SE"]
[WhiteTeamCountry "HUN"]
[BlackTeamCountry "HUN"]

1. e4 c6 2. d4 d5 3. Nc3 dxe4 4. Nxe4 Bf5 5. Ng3 Bg6 6. Nh3 e6 7. Nf4 Qh4 8.
Be3 Bd6 9. Qd2 Nf6 10. Nxe6 fxe6 11. Bg5 Ne4 12. Bxh4 Nxd2 13. Kxd2 O-O 14. Ne2
Na6 15. c3 e5 16. Re1 Rae8 17. f3 b5 18. Bg3 Rd8 19. Kc1 Rfe8 20. Rd1 e4 21.
Bxd6 Rxd6 22. Ng3 exf3 23. gxf3 Rf6 24. Bg2 Nc7 25. Rhe1 Rxe1 26. Rxe1 Nd5 27.
Kd2 Nf4 28. Bf1 h5 29. Ne4 Rf8 30. Ng5 h4 31. Re7 a5 32. Rc7 Be8 33. a4 bxa4
34. Bc4+ Nd5 35. Bxd5+ cxd5 36. Ke3 g6 37. Rc8 Bd7 38. Rxf8+ Kxf8 39. Kf4 Kg7
40. Ke5 Kh6 41. Nf7+ Kg7 42. Nd8 g5 43. Ne6+ Kh6 44. Kf6 1-0

[Event "NB II. Breyer csoport"]
[Site "Szekesfehervar"]
[Date "2024.03.03"]
[Round "5.2"]
[White "Albrecht, Gabor"]
[Black "Takacs, Laszlo"]
[Result "0-1"]
[WhiteElo "2119"]
[BlackElo "2220"]
[PlyCount "54"]
[EventDate "2023.10.08"]
[EventType "team-tourn"]
[EventRounds "9"]
[EventCountry "HUN"]
[Source "chess.hu"]
[WhiteTeam "Fehervar SE"]
[BlackTeam "Tatabanyai SC"]
[WhiteTeamCountry "HUN"]
[BlackTeamCountry "HUN"]

1. e4 c5 2. Nf3 d6 3. d4 cxd4 4. Nxd4 Nf6 5. Nc3 g6 6. Be2 Bg7 7. O-O O-O 8.
Be3 Nc6 9. Nb3 Be6 10. f4 a6 11. a4 Rc8 12. Kh1 Qd7 13. Qd2 Nb4 14. Nd4 Bc4 15.
e5 Nfd5 16. Nxd5 Nxd5 17. Rad1 Nxe3 18. Qxe3 Bxe2 19. Qxe2 Qxa4 20. c3 dxe5 21.
fxe5 e6 22. Qe3 Rcd8 23. Rde1 Rd5 24. Qh3 Rxe5 25. Rd1 Rd5 26. b3 Qd7 27. Qg4
Rd8 0-1

[Event "NB II. Breyer csoport"]
[Site "Szekesfehervar"]
[Date "2024.03.03"]
[Round "5.3"]
[White "Farkas, Gyula"]
[Black "Papagorasz, Takisz"]
[Result "1/2-1/2"]
[WhiteElo "2114"]
[BlackElo "2132"]
[PlyCount "82"]
[EventDate "2023.10.08"]
[EventType "team-tourn"]
[EventRounds "9"]
[EventCountry "HUN"]
[Source "chess.hu"]
[WhiteTeam "Tatabanyai SC"]
[BlackTeam "Fehervar SE"]
[WhiteTeamCountry "HUN"]
[BlackTeamCountry "HUN"]

1. e4 e5 2. Nf3 Nf6 3. Nxe5 d6 4. Nf3 Nxe4 5. d3 Nf6 6. d4 Be7 7. Bd3 O-O 8.
O-O Bg4 9. Bg5 Nc6 10. c3 h6 11. Bh4 Nh7 12. Bxe7 Qxe7 13. Qc2 Ng5 14. Nxg5
hxg5 15. Nd2 d5 16. Rae1 Qf6 17. Re3 Rfe8 18. Rfe1 Rxe3 19. Rxe3 Ne7 20. Qb3 b6
21. Qa3 Ng6 22. Qa6 Rd8 23. Qxa7 Qc6 24. Qa3 Ra8 25. Qb3 Nf4 26. Bb5 Qf6 27. f3
Be6 28. a3 g6 29. Bf1 g4 30. fxg4 Qg5 31. Qd1 Nxg2 32. Re5 Ne3 33. Qf3 Qxg4+
34. Qxg4 Nxg4 35. Re1 Nf6 36. Bd3 Kg7 37. Nf3 Re8 38. Ne5 Bd7 39. Kf2 Ba4 40.
Rg1 Rh8 41. Rg2 Nd7 1/2-1/2

[Event "NB II. Breyer csoport"]
[Site "Szekesfehervar"]
[Date "2024.03.03"]
[Round "5.4"]
[White "Szabo, Lorinc"]
[Black "Simonics, Peter"]
[Result "1-0"]
[WhiteElo "2039"]
[BlackElo "2099"]
[PlyCount "79"]
[EventDate "2023.10.08"]
[EventType "team-tourn"]
[EventRounds "9"]
[EventCountry "HUN"]
[Source "chess.hu"]
[WhiteTeam "Fehervar SE"]
[BlackTeam "Tatabanyai SC"]
[WhiteTeamCountry "HUN"]
[BlackTeamCountry "HUN"]

1. d4 Nf6 2. Nf3 d6 3. c4 g6 4. Nc3 Bg7 5. e4 O-O 6. Be2 e5 7. dxe5 dxe5 8.
Qxd8 Rxd8 9. Bg5 Rf8 10. O-O c6 11. h3 Na6 12. Be3 Nh5 13. c5 Nc7 14. Rad1 h6
15. Nd2 Nf4 16. Bc4 Be6 17. Bxe6 Ncxe6 18. Nc4 Nd4 19. Bxf4 exf4 20. e5 Ne6 21.
Ne4 b5 22. cxb6 axb6 23. a3 Ra6 24. Nf6+ Bxf6 25. exf6 b5 26. Ne5 c5 27. Rd7
Nd4 28. Rc7 c4 29. Rd1 Rd6 30. Kf1 g5 31. Rd7 Re6 32. Re7 Re8 33. Ng4 Nc2 34.
Nxh6+ Kh7 35. Rxe8 Rxe8 36. Nxf7 Kg6 37. Nd6 Rb8 38. f7 Kf6 39. Rd2 Na1 40. Re2
1-0

[Event "NB II. Breyer csoport"]
[Site "Szekesfehervar"]
[Date "2024.03.03"]
[Round "5.5"]
[White "Gaspar, David"]
[Black "Fellegi, Zoltan"]
[Result "0-1"]
[WhiteElo "2037"]
[BlackElo "1986"]
[PlyCount "106"]
[EventDate "2023.10.08"]
[EventType "team-tourn"]
[EventRounds "9"]
[EventCountry "HUN"]
[Source "chess.hu"]
[WhiteTeam "Tatabanyai SC"]
[BlackTeam "Fehervar SE"]
[WhiteTeamCountry "HUN"]
[BlackTeamCountry "HUN"]

1. e4 c5 2. b4 cxb4 3. a3 e6 4. axb4 Bxb4 5. c3 Be7 6. d4 d6 7. Bd3 Nf6 8. f4
Nbd7 9. Nf3 Qc7 10. O-O e5 11. Qb3 O-O 12. Ba3 exf4 13. e5 Nxe5 14. dxe5 dxe5
15. Nbd2 Be6 16. c4 Ng4 17. Bxe7 Qxe7 18. Qa3 Qxa3 19. Rxa3 f6 20. Rb1 Rf7 21.
Be4 Ne3 22. Rxb7 Rxb7 23. Bxb7 Rb8 24. Rxa7 Nxc4 25. Nxc4 Bxc4 26. Nd2 Bf7 27.
Kf2 Rd8 28. Ne4 Kf8 29. Ra8 Rxa8 30. Bxa8 Ke7 31. g3 fxg3+ 32. hxg3 h6 33. Bb7
f5 34. Nd2 Kf6 35. Nf3 g5 36. Nh2 h5 37. Nf3 e4 38. Nh2 Ke5 39. Nf1 f4 40. Ke2
Bc4+ 41. Kf2 Bxf1 42. gxf4+ Kxf4 43. Kxf1 Kf3 44. Ba6 g4 45. Be2+ Kg3 46. Kg1
h4 47. Bb5 Kf3 48. Bc6 g3 49. Bd7 Ke2 50. Kg2 e3 51. Bg4+ Ke1 52. Bf3 e2 53.
Kh3 Kf2 0-1

[Event "NB II. Breyer csoport"]
[Site "Szekesfehervar"]
[Date "2024.03.03"]
[Round "5.6"]
[White "Nadi, Ferenc"]
[Black "Sike, Tamas"]
[Result "1/2-1/2"]
[WhiteElo "2026"]
[BlackElo "2045"]
[PlyCount "63"]
[EventDate "2023.10.08"]
[EventType "team-tourn"]
[EventRounds "9"]
[EventCountry "HUN"]
[Source "chess.hu"]
[WhiteTeam "Fehervar SE"]
[BlackTeam "Tatabanyai SC"]
[WhiteTeamCountry "HUN"]
[BlackTeamCountry "HUN"]

1. d4 Nf6 2. Nf3 g6 3. g3 Bg7 4. Bg2 d5 5. c4 c6 6. Qb3 dxc4 7. Qxc4 Be6 8. Qc2
Na6 9. a3 O-O 10. O-O Bf5 11. Qb3 Qb6 12. Qxb6 axb6 13. Nc3 b5 14. Bf4 b4 15.
axb4 Nxb4 16. Be5 Nd7 17. Bxg7 Kxg7 18. Rxa8 Rxa8 19. e4 Be6 20. Nd2 Nb6 21.
Rd1 Rd8 22. Nf3 Bg4 23. h3 Bxf3 24. Bxf3 e6 25. Be2 Nc2 26. d5 exd5 27. exd5
Nxd5 28. Bf3 Ncb4 29. Rd4 Ra8 30. Nxd5 Nxd5 31. Bxd5 Rd8 32. Rb4 1/2-1/2

[Event "NB II. Breyer csoport"]
[Site "Szekesfehervar"]
[Date "2024.03.03"]
[Round "5.7"]
[White "Szekely, Csaba"]
[Black "Grull, Denes"]
[Result "1/2-1/2"]
[WhiteElo "2079"]
[BlackElo "1921"]
[PlyCount "83"]
[EventDate "2023.10.08"]
[EventType "team-tourn"]
[EventRounds "9"]
[EventCountry "HUN"]
[Source "chess.hu"]
[WhiteTeam "Tatabanyai SC"]
[BlackTeam "Fehervar SE"]
[WhiteTeamCountry "HUN"]
[BlackTeamCountry "HUN"]

1. Nf3 f5 2. c4 Nf6 3. Nc3 e6 4. g3 d5 5. cxd5 exd5 6. Qa4+ c6 7. Bg2 Bd6 8. d3
O-O 9. O-O Nbd7 10. b4 Ne5 11. Qb3 Nxf3+ 12. Bxf3 Kh8 13. e3 a6 14. Bd2 Bd7 15.
Ne2 Be8 16. Nd4 Qd7 17. Bg2 Be5 18. Qb2 Bg6 19. f4 Bxd4 20. Qxd4 Qe7 21. Rac1
Rfe8 22. Rc2 Bf7 23. Re1 Be6 24. a4 Qf7 25. Bf3 Red8 26. Bc3 Nd7 27. Kf2 b6 28.
Bd2 c5 29. Qb2 Rac8 30. Rec1 c4 31. dxc4 Rxc4 32. Rxc4 dxc4 33. Bc3 b5 34. axb5
axb5 35. Rd1 Rb8 36. Bc6 Rb6 37. Bxd7 Bxd7 38. Bxg7+ Kg8 39. Qd4 Rb7 40. Be5
Be8 41. Qd5 Ra7 42. Qxf7+ 1/2-1/2

[Event "NB II. Breyer csoport"]
[Site "Szekesfehervar"]
[Date "2024.03.03"]
[Round "5.8"]
[White "Rabi-Nagy, Daniel"]
[Black "Laszlo, Balazs"]
[Result "0-1"]
[WhiteElo "1839"]
[BlackElo "1945"]
[PlyCount "102"]
[EventDate "2023.10.08"]
[EventType "team-tourn"]
[EventRounds "9"]
[EventCountry "HUN"]
[Source "chess.hu"]
[WhiteTeam "Fehervar SE"]
[BlackTeam "Tatabanyai SC"]
[WhiteTeamCountry "HUN"]
[BlackTeamCountry "HUN"]

1. e4 e5 2. Nf3 Nf6 3. Nxe5 d6 4. Nf3 Nxe4 5. d4 d5 6. Bf4 Bd6 7. Bxd6 Qxd6 8.
Bd3 Qb4+ 9. Nbd2 O-O 10. O-O Bf5 11. Bxe4 Bxe4 12. Nxe4 dxe4 13. Ng5 Qe7 14.
Nh3 Nd7 15. Re1 f5 16. c3 Rf7 17. Qb3 Nb6 18. f4 h6 19. Rad1 c6 20. c4 Rd8 21.
Nf2 Qe6 22. Nd3 Qxc4 23. Qxc4 Nxc4 24. Ne5 Nxe5 25. dxe5 Rfd7 26. Rxd7 Rxd7 27.
Kf2 Kf7 28. Ke2 Ke6 29. Rc1 Rd5 30. Rc3 Ra5 31. a3 g5 32. g3 Rd5 33. h4 c5 34.
b4 b6 35. bxc5 Rxc5 36. Rxc5 bxc5 37. h5 gxf4 38. gxf4 Kd5 39. Ke3 c4 40. Ke2
c3 41. a4 a5 42. Ke3 Kc4 43. e6 Kb3 44. e7 c2 45. e8=Q c1=Q+ 46. Kd4 Qc3+ 47.
Kd5 e3 48. Qb5+ Kc2 49. Ke6 Qb3+ 50. Kxf5 Qxb5+ 51. axb5 e2 0-1

[Event "NB II. Breyer csoport"]
[Site "Szekesfehervar"]
[Date "2024.03.03"]
[Round "5.9"]
[White "Szanto, Levente"]
[Black "Kerekes, Laszlo Fulop"]
[Result "1-0"]
[WhiteElo "1956"]
[BlackElo "1792"]
[PlyCount "85"]
[EventDate "2023.10.08"]
[EventType "team-tourn"]
[EventRounds "9"]
[EventCountry "HUN"]
[Source "chess.hu"]
[WhiteTeam "Tatabanyai SC"]
[BlackTeam "Fehervar SE"]
[WhiteTeamCountry "HUN"]
[BlackTeamCountry "HUN"]

1. e4 c5 2. Nf3 d6 3. d4 cxd4 4. Nxd4 Nf6 5. Nc3 g6 6. Be3 Bg7 7. f3 O-O 8. Qd2
Nc6 9. g4 Bd7 10. h4 Rc8 11. h5 Qa5 12. Nb3 Qd8 13. hxg6 fxg6 14. Bc4+ Kh8 15.
Nd5 Ne5 16. Be2 Nxd5 17. exd5 Nxf3+ 18. Bxf3 Rxf3 19. Bd4 Qg8 20. O-O-O Bxg4
21. Rdg1 Bf5 22. c3 Rd3 23. Qf4 Bxd4 24. Nxd4 Rc4 25. Nxf5 Rxf4 26. Nxe7 Rf1+
27. Rxf1 Qg7 28. Rf8+ Qxf8 29. Nxg6+ Kg7 30. Nxf8 Kxf8 31. Rxh7 Rxd5 32. Rxb7
a5 33. Kc2 Ke8 34. Kb3 Kd8 35. Ka4 Kc8 36. Rb5 Rd2 37. Kxa5 Kc7 38. a4 Re2 39.
b3 Re4 40. c4 Kc6 41. Kb4 Re5 42. Rxe5 dxe5 43. Kc3 1-0

[Event "NB II. Breyer csoport"]
[Site "Szekesfehervar"]
[Date "2024.03.03"]
[Round "5.10"]
[White "Fekete, Csaba"]
[Black "Kosa, Andras Jozsef"]
[Result "1/2-1/2"]
[WhiteElo "1678"]
[BlackElo "1860"]
[PlyCount "39"]
[EventDate "2023.10.08"]
[EventType "team-tourn"]
[EventRounds "9"]
[EventCountry "HUN"]
[Source "chess.hu"]
[WhiteTeam "Fehervar SE"]
[BlackTeam "Tatabanyai SC"]
[WhiteTeamCountry "HUN"]
[BlackTeamCountry "HUN"]

1. e4 e6 2. d4 d5 3. Nc3 Bb4 4. e5 c5 5. Nf3 Nc6 6. a3 Bxc3+ 7. bxc3 Qa5 8. Bd2
c4 9. g3 Nge7 10. Bg2 O-O 11. O-O Ng6 12. h4 f6 13. h5 Nge7 14. h6 g6 15. exf6
Rxf6 16. Qe2 Bd7 17. Bg5 Rf7 18. Qd2 Raf8 19. Bf4 Qd8 20. Ne5 1/2-1/2

[Event "NB II. Breyer csoport"]
[Site "Szekesfehervar"]
[Date "2024.03.03"]
[Round "5.11"]
[White "Bak, Tamas"]
[Black "Kecskemeti, Attila"]
[Result "1-0"]
[WhiteElo "1831"]
[BlackElo "1682"]
[PlyCount "61"]
[EventDate "2023.10.08"]
[EventType "team-tourn"]
[EventRounds "9"]
[EventCountry "HUN"]
[Source "chess.hu"]
[WhiteTeam "Tatabanyai SC"]
[BlackTeam "Fehervar SE"]
[WhiteTeamCountry "HUN"]
[BlackTeamCountry "HUN"]

1. e4 c6 2. d4 d5 3. c4 dxe4 4. Nc3 Nf6 5. Be3 Bf5 6. Qc2 e6 7. O-O-O Na6 8. h3
h5 9. Qb3 Rb8 10. d5 exd5 11. cxd5 cxd5 12. Nxd5 Rc8+ 13. Kb1 Nc5 14. Bxc5 Bxc5
15. Qa4+ Kf8 16. Ne3 Bd7 17. Bb5 Bxe3 18. fxe3 Qc7 19. Bxd7 Nxd7 20. Ne2 Nc5
21. Qb4 Kg8 22. Rc1 Kh7 23. g4 Qe5 24. Qd4 Rhe8 25. Qxe5 Rxe5 26. b4 hxg4 27.
hxg4+ Kg6 28. bxc5 Rexc5 29. Rxc5 Rxc5 30. Nf4+ Kg5 31. Rh5+ 1-0

[Event "NB II. Breyer csoport"]
[Site "Zsambek"]
[Date "2024.03.03"]
[Round "5.1"]
[White "Berek, Geza"]
[Black "Nemeth, Miklos"]
[Result "1-0"]
[WhiteElo "2170"]
[BlackElo "2057"]
[PlyCount "55"]
[EventDate "2023.10.08"]
[EventType "team-tourn"]
[EventRounds "9"]
[EventCountry "HUN"]
[Source "chess.hu"]
[WhiteTeam "NYVSE"]
[BlackTeam "Zsambeki SBE"]
[WhiteTeamCountry "HUN"]
[BlackTeamCountry "HUN"]

1. e4 e5 2. Nf3 Nc6 3. d4 exd4 4. Nxd4 Bc5 5. Nxc6 Qf6 6. Qd2 dxc6 7. Nc3 Be6
8. Na4 Rd8 9. Bd3 Bd6 10. Qe3 Nh6 11. h3 b5 12. Nc5 Bc8 13. Nb3 Bb4+ 14. Nd2
O-O 15. O-O Rfe8 16. Nb3 a5 17. Qg3 Bd6 18. f4 a4 19. e5 Nf5 20. Qf2 Qh4 21.
exd6 Qxf2+ 22. Kxf2 axb3 23. dxc7 Rd6 24. axb3 Nd4 25. Re1 Rxe1 26. Kxe1 Rd7
27. Ra8 Rxc7 28. Be3 1-0